000 00894nam a22003257a 4500
001 0007175
003 KOHA_MİRAKIL
005 20260207001548.0
007 ta
008 090909b2004 tu |||gr||||#||||1|tur |
020 _a9759541580
040 _aTR-BiSEU
_btur
_cTR-BiSEU
_erda
041 0 _atur
044 _ctu
050 _aPL95.9.D43
_bO97 2004
100 1 _aÖzsoy, Bekir Sami.
245 1 _aDede Korkut kitabı /
_cBekir Sami Özsoy ; Bekir Sami Özsoy.
264 1 _aManisa :
_b[yay.y]
_c2004
300 _a471 sayfa: resimli, haritalı; 27 cm.
336 _ametin
_btxt
_2rdacontent
337 _aaracısız
_bn
_2rdamedia
338 _acilt
_bnc
_2rdacarrier
490 0 _a
500 _aKaynakça var.
650 0 _aEpik edebiyat--Oğuz.
_917724
650 0 _aDede Korkut.
_910039
650 0 _aEpic literature.
_917725
830 0 _a
_91620
942 _2lcc
_cBK
999 _c7155
_d7155